000 00964nam a2200217 a 4500
001 BRCA_212
005 20190320202923.0
008 920526s1991 mx-#---##b---#000-0#spa-#
040 _aDLC
_cDLC
050 4 _aZ1426
_b.C46 1991
245 1 0 _aCentro de Estudios de Historia de México Condumex
_bfondos virreinales que se conservan hasta la fecha en su archivo histórico : lista en orden cronológico desde 1491 hasta 1821
_ccompilación por Josefina Moguel Flores.
260 _aChimalistac, Ciudad de México
_bEl Centro
_c1991
300 _a85 p.
_c21 cm.
610 2 4 _aCentro de Estudios de Historia de México Condumex (CARSO)
_bArchivo Histórico
_xCatálogos
_9734
650 1 4 _aManuscritos mexicanos
_xCatálogos
_zMéxico
_9735
651 4 _aMéxico
_vCatálogos
_xHistoria
_yA 1810
_9736
651 4 _aMéxico
_vFuentes
_xHistoria
_yGuerra de Independencia, 1810-1821
_9737
653 0 _aAcervo CONDUMEX - CARSO
700 1 _aMoguel, Josefina
_9738
942 _2lcc
_cB
999 _c173
_d173